Statistics for A ICE from Karlsruhe to Milan

Click here to take the quiz!

General Stats

  • This quiz has been taken 5 times
  • The average score is 19 of 30

Answer Stats

Answer% Correct
Karlsruhe
100%
Monza
100%
Winterthur
100%
Zürich
100%
Como
75%
Donaueschingen
75%
Ettlingen
75%
Freudenstadt
75%
Gaggenau
75%
Konstanz
75%
Milano
75%
Radolfzell
75%
Rottweil
75%
Singen
75%
Tuttlingen
75%
Villingen-Schwenningen
75%
Zug
75%
Baar
50%
Döbeldorf
50%
Frauenfeld
50%
Kreuzlingen
50%
Lugano
50%
Luzern
50%
Seregno
50%
Giussano
25%
Lissone
25%
Milano Greco Pirelli
25%
Sesto San Giovanni
25%
Zürich Kreuzplatz
25%
Zürich Oerkilon
25%

Score Distribution

Percentile by Number Answered

Percent of People with Each Score

Your Score History

You have not taken this quiz